[Event "Regionalliga Sued-Ost 1718"]
[Site "Bayern"]
[Date "2018.01.21"]
[Round "5.7"]
[White "Schnegelberg, Christian"]
[Black "Moser, Wolfgang"]
[Result "1/2-1/2"]
[WhiteElo "1857"]
[BlackElo "1994"]
[PlyCount "124"]
[EventDate "2017.10.22"]
[EventType "team-tourn"]
[EventRounds "9"]
[EventCountry "GER"]
[SourceTitle "EXT 2022"]
[Source "ChessBase"]
[SourceDate "2021.10.06"]
[SourceVersion "1"]
[SourceVersionDate "2021.10.06"]
[SourceQuality "1"]
[WhiteTeam "Tegernsee TV"]
[BlackTeam "Trostberg TSV"]
[WhiteTeamCountry "GER"]
[BlackTeamCountry "GER"]

1. d4 d5 2. c4 c6 3. Nf3 Nf6 4. e3 e6 5. Nc3 Bd6 6. b3 0-0 7. Bd3 Nbd7 8. 0-0 e5 9. cxd5 cxd5 10. dxe5 Nxe5 11. Be2 Nxf3+ 12. Bxf3 Be5 13. Bb2 Be6 14. Na4 Bxb2 15. Nxb2 Qa5 16. Nd3 Rac8 17. Nf4 Rc6 18. Ne2 Rfc8 19. Nd4 R6c7 20. Qe1 Qb6 21. Qd2 a6 22. Rac1 h5 23. h3 Qd6 24. Rxc7 Qxc7 25. Rb1 Qc3 26. Qxc3 Rxc3 27. Kf1 g5 28. Ke1 Bd7 29. Kd2 Rc8 30. Rc1 Rxc1 31. Kxc1 g4 32. hxg4 hxg4 33. Be2 Kf8 34. Bd3 Ne4 35. Bxe4 dxe4 36. Kd2 Ke7 37. Kc3 Kd6 38. Kc4 b6 39. a4 f5 40. g3 Bc8 41. b4 Bd7 42. a5 b5+ 43. Kc3 Kd5 44. Ne2 Ke5 45. Nf4 Be8 46. Ne2 Bd7 47. Nd4 Kd5 48. Nb3 Ke5 49. Na1 Kd5 50. Nc2 Ke5 51. Ne1 Kd5 52. Ng2 Ke5 53. Kb3 Be6+ 54. Kc2 Bd7 55. Kc3 Be8 56. Nf4 Bf7 57. Ne2 Be8 58. Kd2 Bd7 59. Kc2 Be8 60. Nd4 Bd7 61. Kb2 Kd5 62. Kc3 Ke5 1/2-1/2

[Event "Regionalliga SO 1314"]
[Site "Bayern"]
[Date "2014.03.16"]
[Round "8.6"]
[White "Brem, Stephan"]
[Black "Moser, Wolfgang"]
[Result "0-1"]
[WhiteElo "2052"]
[BlackElo "2033"]
[PlyCount "94"]
[EventDate "2013.10.13"]
[EventType "team-tourn"]
[EventRounds "9"]
[EventCountry "GER"]
[SourceTitle "EXT 2015"]
[Source "ChessBase"]
[SourceDate "2014.11.20"]
[SourceVersion "1"]
[SourceVersionDate "2014.11.20"]
[SourceQuality "1"]
[WhiteTeam "Ebersberg Grafing"]
[BlackTeam "Trostberg"]
[WhiteTeamCountry "GER"]
[BlackTeamCountry "GER"]

1. b3 e5 2. Bb2 Nc6 3. e3 Nf6 4. Bb5 d6 5. Ne2 Be7 6. d4 exd4 7. Nxd4 Bd7 8. Bxc6 bxc6 9. Qf3 d5 10. Nf5 Bxf5 11. Qxf5 Qd7 12. Qxd7+ Nxd7 13. Nd2 Bf6 14. 0-0-0 0-0-0 15. Nf3 Kb7 16. Rd2 Rhe8 17. Rhd1 Bxb2+ 18. Kxb2 Nf6 19. c4 Ne4 20. Rc2 Rd6 21. Rd4 g6 22. Ne1 f5 23. Nd3 a5 24. f4 Ra8 25. Ne5 dxc4 26. Rdxc4 c5 27. a3 Ra7 28. h4 Kc8 29. g4 Rb7 30. Ka2 Rb5 31. gxf5 gxf5 32. a4 Rb7 33. Rg2 Rb4 34. Rcc2 Kb7 35. Nc4 Rd3 36. Rg7 Nc3+ 37. Ka3 Nxa4 38. Nxa5+ Ka6 39. Nc4 Rdxb3+ 40. Ka2 Nc3+ 41. Rxc3 Rxc3 42. Ne5 Kb7 43. Rf7 Rxe3 44. Rxf5 Re2+ 45. Ka3 Re1 46. Ka2 Rd1 47. Rf7 Rd6 0-1

[Event "Regionalliga SO 1314"]
[Site "Bayern"]
[Date "2013.12.15"]
[Round "4.6"]
[White "Moser, Wolfgang"]
[Black "Ovsepyan, Arshak"]
[Result "1/2-1/2"]
[WhiteElo "2033"]
[BlackElo "2019"]
[PlyCount "47"]
[EventDate "2013.10.13"]
[EventType "team-tourn"]
[EventRounds "9"]
[EventCountry "GER"]
[SourceTitle "EXT 2015"]
[Source "ChessBase"]
[SourceDate "2014.11.20"]
[SourceVersion "1"]
[SourceVersionDate "2014.11.20"]
[SourceQuality "1"]
[WhiteTeam "Trostberg"]
[BlackTeam "Graefelfing"]
[WhiteTeamCountry "GER"]
[BlackTeamCountry "GER"]

1. d4 d5 2. Nf3 Nf6 3. e3 Bf5 4. Bd3 Bxd3 5. Qxd3 c6 6. 0-0 e6 7. Nbd2 Nbd7 8. b3 Bd6 9. Bb2 0-0 10. c4 Re8 11. Ne5 Bxe5 12. dxe5 Nc5 13. Qc2 Nfe4 14. Nxe4 dxe4 15. Rad1 Nd3 16. f4 Qb6 17. Bd4 c5 18. Bc3 Qc6 19. Qe2 a6 20. g4 b5 21. Qg2 Rad8 22. Rd2 b4 23. Ba1 Rd7 24. f5 1/2-1/2

[Event "Regionalliga SO 1314"]
[Site "Bayern"]
[Date "2013.11.24"]
[Round "3.6"]
[White "Angermaier, Georg"]
[Black "Moser, Wolfgang"]
[Result "1/2-1/2"]
[WhiteElo "1997"]
[BlackElo "2033"]
[PlyCount "88"]
[EventDate "2013.10.13"]
[EventType "team-tourn"]
[EventRounds "9"]
[EventCountry "GER"]
[SourceTitle "EXT 2015"]
[Source "ChessBase"]
[SourceDate "2014.11.20"]
[SourceVersion "1"]
[SourceVersionDate "2014.11.20"]
[SourceQuality "1"]
[WhiteTeam "Bruckmuehl"]
[BlackTeam "Trostberg"]
[WhiteTeamCountry "GER"]
[BlackTeamCountry "GER"]

1. e4 c5 2. Nf3 d6 3. d4 cxd4 4. Nxd4 Nf6 5. Nc3 a6 6. Bc4 e6 7. a4 Be7 8. Be3 0-0 9. 0-0 Nc6 10. f4 d5 11. exd5 exd5 12. Be2 Re8 13. Bf3 Bc5 14. Bf2 Ne4 15. Bxe4 dxe4 16. Nxc6 Qxd1 17. Rfxd1 Bxf2+ 18. Kxf2 e3+ 19. Kf3 bxc6 20. g4 f5 21. g5 c5 22. b3 Bb7+ 23. Ke2 Rac8 24. Rd6 c4 25. b4 Bg2 26. Rg1 Bh3 27. Rg3 Bg4+ 28. Ke1 Rb8 29. Nd5 e2 30. Re3 Red8 31. Ree6 Bf3 32. Ne7+ Kf8 33. Nxf5 Bg4 34. Rxd8+ Rxd8 35. Rd6 Re8 36. Ng3 Re3 37. Rd2 Ra3 38. Nxe2 Rxa4 39. Rd6 Rxb4 40. Rxa6 c3 41. Nxc3 Rxf4 42. Ra4 Rxa4 43. Nxa4 Kf7 44. h4 Kg6 1/2-1/2

[Event "Regionalliga SO 1213"]
[Site "Bayern"]
[Date "2013.01.13"]
[Round "5.5"]
[White "Eckerl, Uwe"]
[Black "Moser, Wolfgang"]
[Result "1/2-1/2"]
[WhiteElo "2148"]
[BlackElo "2012"]
[PlyCount "53"]
[EventDate "2012.10.14"]
[EventType "team-tourn"]
[EventRounds "9"]
[EventCountry "GER"]
[SourceTitle "EXT 2015"]
[Source "ChessBase"]
[SourceDate "2014.11.20"]
[SourceVersion "1"]
[SourceVersionDate "2014.11.20"]
[SourceQuality "1"]
[WhiteTeam "Roehrnbach"]
[BlackTeam "Trostberg"]
[WhiteTeamCountry "GER"]
[BlackTeamCountry "GER"]

1. e4 c5 2. Nf3 d6 3. d4 cxd4 4. Nxd4 Nf6 5. Nc3 a6 6. Be2 e5 7. Nb3 Be6 8. Bg5 Nbd7 9. Qd2 Be7 10. 0-0-0 0-0 11. f3 b5 12. h4 b4 13. Nd5 Bxd5 14. exd5 a5 15. Kb1 Qc7 16. Bb5 Nb6 17. Bc6 Ra7 18. Qd3 Rb8 19. Rc1 a4 20. Nd2 Ra5 21. c4 Nbd7 22. Ne4 Nxe4 23. Qxe4 Nc5 24. Qe2 Nb3 25. Rcd1 Nd4 26. Rxd4 Bxg5 27. Rd3 1/2-1/2

[Event "Regionalliga SO 1112"]
[Site "Bayern"]
[Date "2012.02.26"]
[Round "7.5"]
[White "Gnegel, Boris Igor"]
[Black "Moser, Wolfgang"]
[Result "0-1"]
[WhiteElo "2005"]
[BlackElo "2060"]
[PlyCount "102"]
[EventDate "2011.10.02"]
[EventType "team-tourn"]
[EventRounds "9"]
[EventCountry "GER"]
[SourceTitle "EXT 2015"]
[Source "ChessBase"]
[SourceDate "2014.11.20"]
[SourceVersion "1"]
[SourceVersionDate "2014.11.20"]
[SourceQuality "1"]
[WhiteTeam "Tegernsee"]
[BlackTeam "Trostberg"]
[WhiteTeamCountry "GER"]
[BlackTeamCountry "GER"]

1. e4 c6 2. d4 d5 3. exd5 cxd5 4. c4 Nf6 5. Nc3 Nc6 6. Nf3 g6 7. cxd5 Nxd5 8. Bc4 e6 9. 0-0 Nb6 10. Be2 Bg7 11. Bg5 Ne7 12. a4 f6 13. Bf4 0-0 14. h4 Nbd5 15. Qd2 Bd7 16. Nxd5 Nxd5 17. Bh6 Qb6 18. Bxg7 Kxg7 19. a5 Qd6 20. b4 Nf4 21. Bc4 Bc6 22. Rfd1 Rad8 23. b5 Bxf3 24. gxf3 e5 25. d5 Rf7 26. Rac1 Rfd7 27. Qe3 b6 28. axb6 Qxb6 29. Qxb6 axb6 30. Rc2 Kh6 31. Bb3 Rd6 32. Rc6 Ne2+ 33. Kg2 Nd4 34. Rxd6 Rxd6 35. Bc4 Rd7 36. f4 Nf5 37. fxe5 fxe5 38. Re1 Nxh4+ 39. Kg3 Nf5+ 40. Kg4 Nd6 41. Bd3 e4 42. Bxe4 Nxe4 43. Rxe4 Rxd5 44. Rb4 Kg7 45. f4 Kf6 46. Rb1 Ke6 47. Kf3 Kf5 48. Rg1 Rd3+ 49. Ke2 Rb3 50. Rh1 Rxb5 51. Rxh7 Kxf4 0-1

[Event "Regionalliga SO 1011"]
[Site "Bayern"]
[Date "2011.04.10"]
[Round "9.4"]
[White "Moser, Wolfgang"]
[Black "Wahrlich, Andreas"]
[Result "1/2-1/2"]
[WhiteElo "2049"]
[BlackElo "2047"]
[PlyCount "21"]
[EventDate "2010.10.10"]
[EventType "team-tourn"]
[EventRounds "9"]
[EventCountry "GER"]
[SourceTitle "EXT 2012"]
[Source "ChessBase"]
[SourceDate "2011.11.24"]
[SourceVersion "1"]
[SourceVersionDate "2011.11.24"]
[SourceQuality "1"]
[WhiteTeam "Trostberg"]
[BlackTeam "Waldkraiburg"]
[WhiteTeamCountry "GER"]
[BlackTeamCountry "GER"]

1. e4 Nf6 2. e5 Nd5 3. d4 d6 4. Nf3 Bg4 5. Be2 e6 6. 0-0 Be7 7. c4 Nb6 8. b3 Nc6 9. Bb2 0-0 10. a4 dxe5 11. dxe5 1/2-1/2

[Event "Regionalliga SO 0910"]
[Site "Bayern"]
[Date "2010.02.28"]
[Round "7.5"]
[White "Moser, Wolfgang"]
[Black "Steinbacher, Thomas"]
[Result "0-1"]
[WhiteElo "2064"]
[BlackElo "2067"]
[PlyCount "132"]
[EventDate "2009.10.18"]
[EventType "team-tourn"]
[EventRounds "9"]
[EventCountry "GER"]
[SourceTitle "EXT 2011"]
[Source "ChessBase"]
[SourceDate "2010.11.26"]
[SourceVersion "1"]
[SourceVersionDate "2010.11.26"]
[SourceQuality "1"]
[WhiteTeam "Trostberg"]
[BlackTeam "Pang/Rosenheim II"]
[WhiteTeamCountry "GER"]
[BlackTeamCountry "GER"]

1. e4 e5 2. Nf3 Nc6 3. Bb5 a6 4. Ba4 f5 5. d3 fxe4 6. dxe4 Nf6 7. Nc3 Bc5 8. 0-0 d6 9. Be3 Bxe3 10. fxe3 Bg4 11. Qd3 Qd7 12. a3 0-0 13. b4 h6 14. Bb3+ Kh7 15. Rf2 Ne7 16. Raf1 Kh8 17. Nh4 c6 18. Ne2 Nh7 19. Rf7 Bh5 20. Rxf8+ Rxf8 21. Ng3 Bg4 22. Ngf5 Bxf5 23. exf5 Nf6 24. Be6 Qc7 25. c4 Rd8 26. e4 Qb6+ 27. Kh1 Qd4 28. Qxd4 exd4 29. Re1 c5 30. Nf3 Nc6 31. bxc5 dxc5 32. e5 Ng4 33. f6 Nf2+ 34. Kg1 Nd3 35. Re4 gxf6 36. exf6 Rf8 37. f7 Nd8 38. Bd5 Nxf7 39. Re7 Nd6 40. g3 b5 41. Nh4 Rf6 42. cxb5 axb5 43. Rd7 Ne5 44. Rd8+ Kh7 45. Bg8+ Kg7 46. Bd5 Ndf7 47. Bxf7 Kxf7 48. Rd5 Nd3 49. g4 Ke6 50. Rd8 Ne5 51. h3 Nf3+ 52. Nxf3 Rxf3 53. Rb8 Rxh3 54. Rxb5 Kd5 55. Kf2 Rxa3 56. Rb6 Rh3 57. Kg2 Re3 58. Rxh6 c4 59. Kf2 c3 60. g5 c2 61. Rh1 Re8 62. g6 d3 63. g7 d2 64. Rh8 d1Q 65. Rxe8 Qd4+ 66. Ke2 Qxg7 0-1

[Event "Regionalliga SO 0809"]
[Site "Bayern"]
[Date "2009.03.01"]
[Round "7.5"]
[White "Moser, Wolfgang"]
[Black "Kramer, Melik Kurt"]
[Result "1-0"]
[WhiteElo "2063"]
[BlackElo "1955"]
[PlyCount "63"]
[EventDate "2008.10.05"]
[EventType "team-tourn"]
[EventRounds "9"]
[EventCountry "GER"]
[SourceTitle "EXT 2020"]
[Source "ChessBase"]
[SourceDate "2019.10.17"]
[SourceVersion "1"]
[SourceVersionDate "2019.10.17"]
[SourceQuality "1"]
[WhiteTeam "Trostberg"]
[BlackTeam "Ebersberg"]
[WhiteTeamCountry "GER"]
[BlackTeamCountry "GER"]

1. d4 d5 2. c4 c6 3. Nc3 Nf6 4. e3 e6 5. Nf3 Nbd7 6. Qc2 Bd6 7. b3 0-0 8. Bd3 Re8 9. cxd5 exd5 10. Bb2 Qe7 11. 0-0-0 Ba3 12. h4 Ne4 13. Rdg1 Ndf6 14. Ne5 Nxc3 15. Qxc3 Ne4 16. Bxe4 dxe4 17. g4 f6 18. Nc4 Bxb2+ 19. Kxb2 Be6 20. g5 f5 21. Ne5 c5 22. Rc1 cxd4 23. exd4 Rac8 24. Qd2 Qd6 25. Rhd1 Bd5 26. h5 Qb6 27. h6 g6 28. Nd7 Qe6 29. Nf6+ Kh8 30. Nxe8 Rxe8 31. Rc7 Qd6 32. Qc3 1-0